000 00432cam a2200145 4500500
005 20260111085408.0
041 _afre
042 _adc
100 1 0 _aVallin, Pierre
_eauthor
245 0 0 _aPie XII, diplomate et pasteur
260 _c2004.
500 _a9
786 0 _nÉtudes | 400 | 2 | 2004-02-01 | p. 253f-265f | 0014-1941
856 4 1 _uhttps://shs.cairn.info/revue-etudes-2004-2-page-253f?lang=fr&redirect-ssocas=7080
999 _c1618114
_d1618114